[Event "Mersin op-B 7th"]
[Site "Mersin"]
[Date "2023.11.17"]
[Round "8"]
[White "Dirikolu, Deniz"]
[Black "Mehtizada, Murad"]
[Result "0-1"]
[WhiteElo "1801"]
[BlackElo "1737"]
[PlyCount "50"]
[EventDate "2023.11.12"]
[EventType "swiss"]
[EventRounds "9"]
[EventCountry "TUR"]
[SourceTitle "CB49_2023"]
[SourceDate "2023.12.06"]
[SourceVersion "1"]
[SourceVersionDate "2023.12.06"]
[SourceQuality "1"]

1. e4 e5 2. Nf3 Nc6 3. Bc4 Bc5 4. 0-0 Nf6 5. d4 exd4 6. e5 d5 7. exf6 dxc4 8. Re1+ Be6 9. fxg7 Rg8 10. Bg5 Be7 11. Bxe7 Kxe7 12. Re4 d3 13. c3 Rxg7 14. Nd4 Qd5 15. Qf3 Rag8 16. Nxc6+ bxc6 17. g3 d2 18. Na3 Rg4 19. Re3 Qxf3 20. Rxf3 Re4 21. Nc2 Rd8 22. Rd1 Bg4 23. Re3 Rxe3 24. Nxe3 Bxd1 25. Nxd1 Kf8 0-1

[Event "Mersin op-B 7th"]
[Site "Mersin"]
[Date "2023.11.16"]
[Round "7"]
[White "Ciblakbas, Sertan"]
[Black "Dirikolu, Deniz"]
[Result "1-0"]
[WhiteElo "1761"]
[BlackElo "1801"]
[PlyCount "135"]
[EventDate "2023.11.12"]
[EventType "swiss"]
[EventRounds "9"]
[EventCountry "TUR"]
[SourceTitle "CB49_2023"]
[SourceDate "2023.12.06"]
[SourceVersion "1"]
[SourceVersionDate "2023.12.06"]
[SourceQuality "1"]

1. e4 e5 2. Nf3 Nc6 3. Bb5 g6 4. c3 a6 5. Ba4 d6 6. d4 Bd7 7. 0-0 Bg7 8. Re1 Nf6 9. Nbd2 0-0 10. Nf1 b5 11. Bc2 Bg4 12. d5 Ne7 13. a4 Nh5 14. Ne3 Bd7 15. axb5 axb5 16. Rxa8 Qxa8 17. Bd3 Nf4 18. Bf1 f5 19. Qb3 fxe4 20. Ng5 Rb8 21. Nxe4 Nfxd5 22. Rd1 Kh8 23. Ng5 h6 24. Nxd5 Nxd5 25. Qxd5 Qxd5 26. Rxd5 hxg5 27. Bxg5 Ra8 28. f3 Ra1 29. Kf2 Ra2 30. Rd2 Kh7 31. Bd3 Bh6 32. Bxh6 Kxh6 33. Ke3 Kg5 34. g3 Kf6 35. h4 Ra1 36. Rh2 Re1+ 37. Kf2 Rd1 38. Ke2 Rg1 39. g4 d5 40. h5 gxh5 41. gxh5 Bf5 42. Bxf5 Kxf5 43. h6 Rg8 44. Rh5+ Kg6 45. Rxe5 Kxh6 46. Kd3 Rg2 47. b4 Rf2 48. Ke3 Rc2 49. Kd4 Rd2+ 50. Ke3 Rc2 51. Kd3 Rf2 52. Rxd5 Rxf3+ 53. Kd4 Rf4+ 54. Kc5 Rc4+ 55. Kxb5 Rxc3 56. Rc5 Rb3 57. Rxc7 Kg6 58. Re7 Kf6 59. Re1 Rb2 60. Kc5 Rc2+ 61. Kb6 Rb2 62. b5 Rc2 63. Kb7 Rb2 64. b6 Rc2 65. Kb8 Rb2 66. b7 Ra2 67. Rc1 Rh2 68. Kc7 1-0

[Event "World School-ch U15"]
[Site "Rhodes"]
[Date "2023.04.21"]
[Round "8"]
[White "Bolat, Inayat"]
[Black "Dirikolu, Deniz"]
[Result "1/2-1/2"]
[WhiteElo "1975"]
[BlackElo "1867"]
[PlyCount "122"]
[EventDate "2023.04.14"]
[EventType "swiss"]
[EventRounds "9"]
[EventCountry "GRE"]
[SourceTitle "EXT 2024"]
[Source "ChessBase"]
[SourceDate "2023.10.10"]
[SourceVersion "1"]
[SourceVersionDate "2023.10.10"]
[SourceQuality "1"]

1. e4 e5 2. Nf3 Nc6 3. Nc3 Nf6 4. Be2 d5 5. exd5 Nxd5 6. 0-0 Nxc3 7. bxc3 e4 8. Ne1 Bc5 9. d4 exd3 10. cxd3 Bf5 11. Rb1 Bb6 12. Ba3 Qd5 13. c4 Qa5 14. Nc2 Nd4 15. Nxd4 Bxd4 16. Bb4 Qa6 17. Bg4 c5 18. Bxf5 cxb4 19. Qe1+ Kf8 20. Qxb4+ Kg8 21. Be4 Qxa2 22. Qxb7 Rf8 23. Bd5 g6 24. c5 Qa5 25. Rb5 Qd8 26. c6 Bb6 27. Bc4 Qf6 28. Rd5 Re8 29. d4 Re7 30. Rd7 Rxd7 31. Qxd7 Kg7 32. d5 Rd8 33. Qb7 Qd6 34. g3 Qc5 35. Qa6 Rd6 36. Bb3 Qc3 37. Qc4 Qxc4 38. Bxc4 Kf8 39. Re1 Rd8 40. Kg2 Bc7 41. Kf3 Re8 42. Rb1 Rb8 43. Rb7 Rxb7 44. cxb7 Bd6 45. h4 Ke7 46. g4 Kd8 47. Bb5 Kc7 48. Bc6 Kb6 49. Ke2 Kc5 50. Kd3 a5 51. Kc3 f6 52. g5 fxg5 53. hxg5 a4 54. Bxa4 Kxd5 55. Bc2 Ke5 56. Kc4 Kf4 57. Kd5 Bb8 58. Be4 Kxg5 59. Kc6 Kf4 60. f3 g5 61. Bxh7 Ke5 1/2-1/2

[Event "World School-ch U15"]
[Site "Rhodes"]
[Date "2023.04.17"]
[Round "4"]
[White "Kiladze, Luka"]
[Black "Dirikolu, Deniz"]
[Result "1-0"]
[WhiteElo "2010"]
[BlackElo "1867"]
[PlyCount "60"]
[EventDate "2023.04.14"]
[EventType "swiss"]
[EventRounds "9"]
[EventCountry "GRE"]
[SourceTitle "EXT 2024"]
[Source "ChessBase"]
[SourceDate "2023.10.10"]
[SourceVersion "1"]
[SourceVersionDate "2023.10.10"]
[SourceQuality "1"]

1. c4 e5 2. g3 Nc6 3. Bg2 f5 4. d3 Nf6 5. Nc3 Bb4 6. Bd2 a5 7. e3 0-0 8. Nge2 d6 9. Nd5 Bxd2+ 10. Qxd2 Be6 11. Rc1 Bxd5 12. cxd5 Nb4 13. Nc3 Qe8 14. 0-0 f4 15. exf4 exf4 16. a3 Na6 17. Qxf4 Qh5 18. Bf3 Qg6 19. d4 Nd7 20. Qg4 Qf7 21. Bg2 Rae8 22. Bh3 Nb6 23. Qe6 Kh8 24. Qxf7 Rxf7 25. Be6 Rfe7 26. Ne4 h6 27. f4 Rd8 28. f5 Nxd5 29. Bxd5 c6 30. Be6 Nc7 1-0

[Event "TUR-ch U13/18"]
[Site "Antalya"]
[Date "2023.01.26"]
[Round "8"]
[White "Dirikolu, Deniz"]
[Black "Demirtas, Alper"]
[Result "1/2-1/2"]
[WhiteElo "1868"]
[BlackElo "1990"]
[PlyCount "81"]
[EventDate "2023.01.17"]
[EventType "swiss"]
[EventRounds "10"]
[EventCountry "TUR"]
[SourceTitle "EXT 2024"]
[Source "ChessBase"]
[SourceDate "2023.10.10"]
[SourceVersion "1"]
[SourceVersionDate "2023.10.10"]
[SourceQuality "1"]

1. e4 e6 2. d4 d5 3. e5 c5 4. c3 Qb6 5. Nf3 Bd7 6. Bd3 Bb5 7. dxc5 Bxc5 8. b4 Bf8 9. Be3 Qa6 10. Bc2 Nd7 11. a4 Bc4 12. Na3 Qc6 13. Bd4 Ne7 14. Nd2 Ng6 15. Qh5 a6 16. Naxc4 dxc4 17. 0-0 Be7 18. Be4 Qc7 19. f4 0-0 20. Qg4 Rfd8 21. Nf3 a5 22. f5 exf5 23. Qxf5 Ndf8 24. b5 Ne6 25. h4 h6 26. h5 Ngf8 27. Rad1 Bc5 28. Kh1 Rd7 29. Bxc5 Nxc5 30. Bc2 Rad8 31. Nd4 Rd5 32. Rde1 Re8 33. Qg4 Qe7 34. Rf5 Nd3 35. Bxd3 cxd3 36. Rd1 Rxe5 37. Rxd3 Re4 38. Rf4 Rxf4 39. Qxf4 Qe1+ 40. Kh2 Re4 41. Qf5 1/2-1/2

[Event "TUR-ch U13/18"]
[Site "Antalya"]
[Date "2023.01.25"]
[Round "6"]
[White "Dirikolu, Deniz"]
[Black "Tezcan, Alper"]
[Result "1/2-1/2"]
[WhiteElo "1868"]
[BlackElo "1568"]
[PlyCount "53"]
[EventDate "2023.01.17"]
[EventType "swiss"]
[EventRounds "10"]
[EventCountry "TUR"]
[SourceTitle "EXT 2024"]
[Source "ChessBase"]
[SourceDate "2023.10.10"]
[SourceVersion "1"]
[SourceVersionDate "2023.10.10"]
[SourceQuality "1"]

1. e4 e6 2. d4 d5 3. Nc3 Nf6 4. Bg5 Bb4 5. e5 h6 6. Be3 Ne4 7. a3 Bxc3+ 8. bxc3 c5 9. Bd3 Qa5 10. Ne2 cxd4 11. Bxd4 Nc5 12. 0-0 Nc6 13. f4 g6 14. Kh1 Bd7 15. Rb1 Nxd3 16. Qxd3 b6 17. g4 Rc8 18. Rf3 Qxa3 19. f5 g5 20. Rbf1 Kd8 21. fxe6 Bxe6 22. Rxf7 Bxf7 23. e6 Bxe6 24. Bxh8 Kd7 25. Bf6 Rf8 26. Qh7+ Kc8 27. Qxh6 1/2-1/2

[Event "TUR-ch U13/18"]
[Site "Antalya"]
[Date "2023.01.23"]
[Round "2"]
[White "Dirikolu, Deniz"]
[Black "Guzel, Eren"]
[Result "1-0"]
[WhiteElo "1868"]
[BlackElo "1463"]
[PlyCount "99"]
[EventDate "2023.01.17"]
[EventType "swiss"]
[EventRounds "10"]
[EventCountry "TUR"]
[SourceTitle "EXT 2024"]
[Source "ChessBase"]
[SourceDate "2023.10.10"]
[SourceVersion "1"]
[SourceVersionDate "2023.10.10"]
[SourceQuality "1"]

1. e4 e5 2. Nf3 Nc6 3. Bb5 a6 4. Ba4 Nf6 5. 0-0 Be7 6. Bxc6 dxc6 7. d3 Bd6 8. Nbd2 0-0 9. Nc4 Nd7 10. b3 f6 11. Bb2 Nb6 12. Ne3 Be6 13. d4 exd4 14. Nxd4 Bf7 15. Qf3 Be5 16. Rad1 Qe8 17. Ba3 Bxd4 18. Rxd4 Qe5 19. Bxf8 Qxd4 20. Bxg7 Bg6 21. Rd1 Qxe4 22. Qxf6 Re8 23. Bh8 Qe7 24. Qa1 h5 25. c4 Nd7 26. Bc3 Qe6 27. Re1 Qf7 28. Nf1 Rf8 29. f3 Nc5 30. Bb4 Nd3 31. Bxf8 Nxe1 32. Qxe1 Kxf8 33. Qe5 Qe7 34. Qxe7+ Kxe7 35. g4 hxg4 36. fxg4 Kf6 37. Kf2 c5 38. h4 b5 39. Nd2 c6 40. Ke3 Ke5 41. h5 Bf7 42. Nf3+ Kf6 43. Nd2 Kg5 44. Nf3+ Kf6 45. h6 Bg8 46. Kf4 bxc4 47. bxc4 Bxc4 48. g5+ Kg6 49. Ne5+ Kh7 50. Nxc4 1-0

[Event "TUR-ch U13/18"]
[Site "Antalya"]
[Date "2023.01.22"]
[Round "1"]
[White "Dogan, Ali Ekber"]
[Black "Dirikolu, Deniz"]
[Result "0-1"]
[WhiteElo "2182"]
[BlackElo "1868"]
[PlyCount "84"]
[EventDate "2023.01.17"]
[EventType "swiss"]
[EventRounds "10"]
[EventCountry "TUR"]
[SourceTitle "EXT 2024"]
[Source "ChessBase"]
[SourceDate "2023.10.10"]
[SourceVersion "1"]
[SourceVersionDate "2023.10.10"]
[SourceQuality "1"]

1. e4 e5 2. Nf3 Nc6 3. Bb5 a6 4. Ba4 Nf6 5. 0-0 Be7 6. Nc3 b5 7. Bb3 d6 8. d3 Bg4 9. Be3 Na5 10. d4 exd4 11. Bxd4 Nxb3 12. axb3 0-0 13. Qd3 Nd7 14. h3 Be6 15. Nd5 f6 16. c4 bxc4 17. Qxc4 c5 18. Bc3 Nb6 19. Qd3 Bxd5 20. exd5 Qc8 21. Rfe1 Qb7 22. Qe4 Rae8 23. Qd3 Ra8 24. Qe4 Rf7 25. Rad1 f5 26. Qd3 Raf8 27. Ra1 Nxd5 28. Qxa6 Qxb3 29. Qd3 Qb7 30. Qc4 Nc7 31. Re6 Nxe6 32. Qxe6 Qe4 33. Qd7 Rd8 34. Qc7 Bf6 35. Qb6 Rb7 36. Qa5 Rdb8 37. Re1 Qd5 38. Qa4 Qf7 39. Nd2 Bxc3 40. bxc3 Re7 41. Rd1 h6 42. Nc4 Re4 0-1